|
|
|
|
| LEADER |
00000naa2a2200000 4500 |
| 001 |
620824 |
| 005 |
20260123141239.0 |
| 035 |
|
|
|a (RuTPU)RU\TPU\conf\19357
|
| 035 |
|
|
|a RU\TPU\conf\19356
|
| 090 |
|
|
|a 620824
|
| 100 |
|
|
|a 20161018d2016 k y0rusy50 ca
|
| 101 |
0 |
|
|a rus
|
| 102 |
|
|
|a RU
|
| 105 |
|
|
|a y z 101zy
|
| 135 |
|
|
|a drgn ---uucaa
|
| 181 |
|
0 |
|a i
|
| 182 |
|
0 |
|a b
|
| 200 |
1 |
|
|a Разработка подвеса для создания учебно-демонстрационного стенда
|f Ш. С. Яркимбаев, В. Е. Волков, М. Е. Булатов
|g науч. рук. В. М. Мартемьянов
|
| 203 |
|
|
|a Текст
|c электронный
|
| 225 |
1 |
|
|a Электронно-измерительные устройства контроля и диагностики в технике и медицине
|
| 300 |
|
|
|a Заглавие с титульного экрана
|
| 320 |
|
|
|a [Библиогр.: 4 назв.]
|
| 461 |
|
1 |
|0 (RuTPU)RU\TPU\conf\19000
|t Неразрушающий контроль
|o сборник трудов VI Всероссийской научно-практической конференции "Неразрушающий контроль: электронное приборостроение, технологии, безопасность", Томск, 23-27 мая 2016 г.
|o в 3 т.
|f Национальный исследовательский Томский политехнический университет (ТПУ)
|d 2016
|
| 463 |
|
1 |
|0 (RuTPU)RU\TPU\conf\19002
|t Т. 2
|v [2 с.]
|d 2016
|
| 610 |
1 |
|
|a труды учёных ТПУ
|
| 610 |
1 |
|
|a электронные ресурсы
|
| 610 |
1 |
|
|a демонстрационные стенды
|
| 610 |
1 |
|
|a космические аппараты
|
| 610 |
1 |
|
|a двигатель-маховик
|
| 610 |
1 |
|
|a моделирование
|
| 610 |
1 |
|
|a аэродинамический подвес
|
| 700 |
|
1 |
|a Яркимбаев
|b Ш. C.
|c специалист в области приборостроения
|c ассистент ОКД ИШНКБ Томского политехнического университета
|f 1997-
|g Шамиль Сергеевич
|3 (RuTPU)RU\TPU\pers\47501
|9 23016
|
| 701 |
|
1 |
|a Волков
|b В. Е.
|
| 701 |
|
1 |
|a Булатов
|b М. Е.
|
| 702 |
|
1 |
|a Мартемьянов
|b В. М.
|c специалист в области приборостроения
|c доцент Томского политехнического университета, кандидат технических наук
|c выпускник Томского политехнического института 1971 г.
|f 1949-
|g Владимир Михайлович
|4 727
|
| 712 |
0 |
2 |
|a Национальный исследовательский Томский политехнический университет
|c (2009- )
|9 26305
|
| 801 |
|
2 |
|a RU
|b 63413507
|c 20230208
|g RCR
|
| 850 |
|
|
|a 63413507
|
| 856 |
4 |
|
|u http://earchive.tpu.ru/handle/11683/32910
|
| 942 |
|
|
|c BK
|